000 00976nam a2200277Ia 4500
003 IN-BaIIA
008 211028s9999 xx s 000 0 eng d
020 _a978-3-540-42559-5 (Print)
020 _a978-3-540-44807-5 (Online)
022 _a0075-8450 (Print)
022 _a1616-6361 (Online)
040 _cIIA Library
100 _aWilliams, I.P., ed.
_925677
245 0 _aSolar and Extra-Solar Planetary Systems
_h[eBook]
260 _aHeidelberg, Berlin
_bSpringer Berlin Heidelberg
_c2001
300 _aOnline resource
490 _aLecture Notes in Physics
650 _a Astrobiology
_925948
650 _a Astronomy, Observations and Techniques
_932107
650 _a Geophysics/Geodesy
_938457
650 _a Space Sciences (including Extraterrestrial Physics, Space Exploration and Astronautics)
650 _aPhysics
_973
700 _aThomas, N., ed.
_925676
856 _uhttp://doi.org/10.1007/3-540-44807-1
_yClick Here to Access eBook
942 _cEB
999 _c21628
_d21628